<?xml version="1.0" encoding="UTF-8"?>
<record
    xmlns:xsi="http://www.w3.org/2001/XMLSchema-instance"
    xsi:schemaLocation="http://www.loc.gov/MARC21/slim http://www.loc.gov/standards/marcxml/schema/MARC21slim.xsd"
    xmlns="http://www.loc.gov/MARC21/slim">

  <leader>01848nam a22002057a 4500</leader>
  <controlfield tag="003">OSt</controlfield>
  <controlfield tag="005">20260408093506.0</controlfield>
  <controlfield tag="008">260408b        |||||||| |||| 00| 0 ESP d</controlfield>
  <datafield tag="082" ind1=" " ind2=" ">
    <subfield code="2">9583200646</subfield>
  </datafield>
  <datafield tag="100" ind1=" " ind2=" ">
    <subfield code="a">JUAN ANTONIO OLLERO </subfield>
  </datafield>
  <datafield tag="245" ind1=" " ind2=" ">
    <subfield code="a">APRENDE INGLES  MI PRIMERA GRAMATICA  VOL4</subfield>
  </datafield>
  <datafield tag="250" ind1=" " ind2=" ">
    <subfield code="a">1RA EDICION  VOL4</subfield>
  </datafield>
  <datafield tag="260" ind1=" " ind2=" ">
    <subfield code="a">Barcelona (Espa&#xF1;a) o Bogot&#xE1; (Colombia)</subfield>
    <subfield code="b">GRUPO EDITORIAL OCEANO </subfield>
    <subfield code="c">1986 y 1987</subfield>
  </datafield>
  <datafield tag="300" ind1=" " ind2=" ">
    <subfield code="a">320 PAG </subfield>
    <subfield code="c"> 18 x 25 cm</subfield>
  </datafield>
  <datafield tag="490" ind1=" " ind2=" ">
    <subfield code="3"> tapa dura (carton&#xE9;)</subfield>
  </datafield>
  <datafield tag="520" ind1=" " ind2=" ">
    <subfield code="a">Ejercicios de Consolidaci&#xF3;n: Incluye una amplia bater&#xED;a de actividades pr&#xE1;cticas que combinan gram&#xE1;tica y l&#xE9;xico. A diferencia de los ejercicios cortos de los otros libros, aqu&#xED; son m&#xE1;s extensos y desafiantes. T&#xE9;cnicas de Estudio: Ofrece consejos y m&#xE9;todos espec&#xED;ficos para memorizar verbos irregulares, mejorar la comprensi&#xF3;n auditiva y organizar sesiones de repaso efectivas. Solucionario (Claves): Contiene las respuestas a todos los ejercicios propuestos a lo largo de la colecci&#xF3;n, permitiendo al alumno corregirse a s&#xED; mismo sin necesidad de un profesor. Gu&#xED;a Fon&#xE9;tica Detallada: Profundiza en los s&#xED;mbolos fon&#xE9;ticos para ayudar a perfeccionar la pronunciaci&#xF3;n de sonidos que no existen en espa&#xF1;ol</subfield>
  </datafield>
  <datafield tag="650" ind1=" " ind2=" ">
    <subfield code="a">S&#xED;mbolos fon&#xE9;ticos: Gu&#xED;a detallada para leer la pronunciaci&#xF3;n en diccionarios.Entonaci&#xF3;n y acento: Reglas para dar &#xE9;nfasis a las frases y sonar m&#xE1;s natural.Sonidos conflictivos: Pr&#xE1;cticas espec&#xED;ficas para letras que no existen en espa&#xF1;ol</subfield>
    <subfield code="x">Verbos Irregulares: Listas completas y m&#xE9;todos para memorizarlos.Voz Pasiva: Introducci&#xF3;n b&#xE1;sica a c&#xF3;mo cambiar el enfoque de la oraci&#xF3;n.Condicionales: Estructuras para hablar de posibilidades (If I go...).Phrasal Verbs: Introducci&#xF3;n a los verbos compuestos m&#xE1;s comunes en el habla cotidiana.</subfield>
  </datafield>
  <datafield tag="700" ind1=" " ind2=" ">
    <subfield code="a">JUAN ANTONIO OLLERO </subfield>
  </datafield>
  <datafield tag="942" ind1=" " ind2=" ">
    <subfield code="2">ddc</subfield>
    <subfield code="c">BKA</subfield>
    <subfield code="n">0</subfield>
  </datafield>
  <datafield tag="952" ind1=" " ind2=" ">
    <subfield code="0">0</subfield>
    <subfield code="1">0</subfield>
    <subfield code="2">ddc</subfield>
    <subfield code="4">0</subfield>
    <subfield code="7">0</subfield>
    <subfield code="8">E03</subfield>
    <subfield code="a">ISUS</subfield>
    <subfield code="b">ISUS</subfield>
    <subfield code="c">Biblioteca Abierta</subfield>
    <subfield code="d">2026-04-08</subfield>
    <subfield code="e">IDIOMAS </subfield>
    <subfield code="f">0476</subfield>
    <subfield code="i">0476</subfield>
    <subfield code="l">0</subfield>
    <subfield code="o">INGLES </subfield>
    <subfield code="p">IDIOMA0476</subfield>
    <subfield code="r">2026-04-08 09:37:29</subfield>
    <subfield code="t">1</subfield>
    <subfield code="w">2026-04-08</subfield>
    <subfield code="y">BKA</subfield>
  </datafield>
  <datafield tag="999" ind1=" " ind2=" ">
    <subfield code="c">2052</subfield>
    <subfield code="d">2052</subfield>
  </datafield>
</record>
